000 01012nam a2200277 a 4500
001 23702
003 BD-RjUL
005 20211209000948.0
008 140311r1947 enkcfa 000 0 eng d
035 _a(BD-RjUL) 23767
040 _aDLC
_cDLC
_dBD-RjUL
_beng
041 _aeng
082 _a927.933
_bSAP 1947
100 1 _aSackville-West, V.
_q(Victoria),
_d1892-1962.
_972979
245 1 0 _aPepita /
_cV. Sackville-West.
260 _aLondon :
_bL. and Virginia Woolf,
_c1937 [Reprinted 1947].
300 _a282 p., [16] leaves of plates :
_bill., ports. ;
_c22 cm.
500 _a"First published 1937."
600 1 0 _aDurĂ¡n y Ortega, Josefa,
_d1830-1871.
_972986
600 1 0 _aSackville, Victoria Josephine Sackville-West,
_cLady,
_d1862-1936.
_972987
600 1 0 _aSackville, Lionel Sackville Sackville-West,
_cBaron,
_d1827-1908.
_972988
600 1 0 _aSackville-West, V
_q(Victoria),
_d1892-1962
_xFamily.
_972989
650 0 _aDancers
_vBiography.
_972984
942 _2ddc
_cBK
999 _c23702
_d23702